000
00331 a2200109 4500
001
ART_9200
005
20260410161558.0
008
260409a
245
1
0
_a
Pacioli, la partida doble y el renacimiento
100
1
_a
Tua Pereda, Jorge
773
0
_t
Profesional & Empresaria
_g
- Año XII, Nº 147 (dic. 2011)
_w
REV70
999
_c
9452
_d
9452